Kouča potrebujú nielen hokejisti
Koučing - jedna z metód na zabezpečenie dlhodobého rozvoja ľudských zdrojov. Riadený proces vývoja zacielený na zdokonaľovanie. Štyri základné fázy koučingu. Úlohy kouča. Úlohy koučovanej osoby. Charakteristika dobrého kouča. Hlavné metódy koučingu. Koučing ako poradenská služba.
Enregistré dans:
| Auteur principal: | |
|---|---|
| Format: | Chapitre de livre |
| Langue: | slovaque |
| Sujets: | |
| Tags: |
Pas de tags, Soyez le premier à ajouter un tag!
|
MARC
| LEADER | 00000naa$a2200000$$$4500 | ||
|---|---|---|---|
| 001 | 0028343 | ||
| 005 | 20231004125842.6 | ||
| 041 | 0 | |a slo | |
| 044 | |a SK | ||
| 245 | 1 | 0 | |a Kouča potrebujú nielen hokejisti |c Andrea Chalupová |
| 520 | |a Koučing - jedna z metód na zabezpečenie dlhodobého rozvoja ľudských zdrojov. Riadený proces vývoja zacielený na zdokonaľovanie. Štyri základné fázy koučingu. Úlohy kouča. Úlohy koučovanej osoby. Charakteristika dobrého kouča. Hlavné metódy koučingu. Koučing ako poradenská služba. | ||
| 610 | 2 | 0 | |a metódy riadenia |
| 610 | 2 | 0 | |a koučovanie |
| 610 | 2 | 0 | |a riadenie ľudských zdrojov |
| 610 | 2 | 0 | |a poradenstvo |
| 610 | 2 | 0 | |a služby poradenské |
| 610 | 2 | 0 | |a kompetencie |
| 610 | 2 | 0 | |a komunikácia |
| 100 | 1 | |a Chalupová, Andrea | |